[Event "British Chess Championships 2023: U12 Championship"]
[Site "The Venue, De Montfort University, 20 Western Boulevard, Leicester, LE2 7BU"]
[Date "2023.07.28"]
[Round "5"]
[Board "10"]
[White "Ward, Cian"]
[Black "Ding, Yiwen"]
[Result "1/2-1/2"]
[WhiteElo "1630"]
[BlackElo "1511"]
[PlyCount "0"]
[EventDate "2023.07.25"]
[EventRounds "7"]
[EventCountry "ENG"]

1. e4 c5 2. c3 Nf6 3. e5 Nd5 4. d4 cxd4 5. cxd4 d6 6. Nf3 Nc6 7. Nc3 dxe5 8. dxe5
Nxc3 9. Qxd8+ Nxd8 10. bxc3 a6 11. Be3 e6 12. Nd4 Rb8 13. Rb1 Ra8 14. g3 b5 15. Bg2
Bb7 16. Bxb7 Nxb7 17. a4 Bc5 18. O-O Bxd4 19. Bxd4 O-O 20. axb5 axb5 21. Rxb5 Na5
22. Ra1 Nc6 23. Rxa8 Rxa8 24. f4 Nxd4 25. cxd4 g6 26. d5 exd5 27. Rxd5 Kf8 28. Rd7
Ra2 29. e6 f5 30. Rxh7 Re2 31. Rf7+ Kg8 32. Rc7 Rxe6 33. Kg2 Re4 34. Kh3 Re2 35.
Kh4 Rxh2+ 36. Kg5 Rh3 37. Kxg6 Rxg3+ 38. Kxf5 Ra3 39. Kg5 Rg3+ 40. Kf6 Ra3 41. f5
Ra6+ 42. Kg5 Kf8 43. Rd7 Rb6 44. Rc7 Ra6 45. Rc4 Kf7 46. f6 Ke6  1/2-1/2

[Event "British Chess Championships 2023: U12 Championship"]
[Site "The Venue, De Montfort University, 20 Western Boulevard, Leicester, LE2 7BU"]
[Date "2023.07.28"]
[Round "5"]
[Board "11"]
[White "Pandya, Dhairya"]
[Black "Hariharan, Shambavi"]
[Result "0-1"]
[WhiteElo "1569"]
[BlackElo "1615"]
[PlyCount "0"]
[EventDate "2023.07.25"]
[EventRounds "7"]
[EventCountry "ENG"]

1. e4 c6 2. d4 d5 3. exd5 cxd5 4. Bf4 Nc6 5. Nd2 Nxd4 6. c3 Nc6 7. Ngf3 Nf6 8. Qc2
e6 9. Ne5 Bd6 10. Ndf3 O-O 11. Bd3 Qc7 12. Nxc6 Bxf4 13. Ncd4 a6 14. Ne2 Bd6 15.
Ng3 e5 16. Be2 Bg4 17. O-O Rfe8 18. Rad1 Rac8 19. h3 Bxf3 20. gxf3 e4 21. Kg2 exf3+
22. Bxf3 Bxg3 23. fxg3 Ne4 24. Bxe4 dxe4 25. Rde1 Qc6 26. Qf2 Qd5 27. Re3 Qxa2 28.
Qf5 Qe6 29. Qf4 Rcd8 30. Rf2 b5 31. Kh2 h6 32. Rfe2 f5 33. g4 Rd5 34. gxf5 Rxf5 35.
Rxe4 Rxf4 36. Rxe6 Rxe6 37. Rxe6 Rf2+ 38. Kg3 Rxb2 39. Rxa6 Rb3 40. Rb6 Rxc3+ 41.
Kg4 Rb3 42. h4 b4 43. h5 Kh7 44. Rb5 Rb1 45. Kg3 b3 46. Kg2 Kg8 47. Rb7 Kf8 48. Kh2
Rb2+ 49. Kg3 Rb1 50. Kg2 b2 51. Kh2 Rf1 52. Rxb2 Rf5 53. Rb8+ Kf7 54. Rb7+ Kg8 55.
Kg3 Rxh5 56. Kg4 Rd5 57. Re7 Kh7 58. Re6 h5+ 59. Kh4 g6 60. Re8 Kg7 61. Re6 Kh6 62.
Re8 g5+ 63. Kh3 Rd3+ 64. Kg2 h4 65. Rh8+ Kg6 66. Rf8 Kh5 67. Rf2 Kg4 68. Re2 h3+
69. Kh2 Kh4 70. Kh1 g4 71. Re4 Rd2 72. Kg1 Kg3 73. Re3+ Kf4 74. Re1 g3 75. Kh1 Kf3
76. Rf1+ Rf2 77. Rxf2+ gxf2 78. Kh2 f1=R 79. Kxh3 Rh1  0-1

[Event "British Chess Championships 2023: U12 Championship"]
[Site "The Venue, De Montfort University, 20 Western Boulevard, Leicester, LE2 7BU"]
[Date "2023.07.28"]
[Round "5"]
[Board "12"]
[White "Ashton, Alannah"]
[Black "Richmond, Frank"]
[Result "1/2-1/2"]
[WhiteElo "1497"]
[BlackElo "1708"]
[PlyCount "0"]
[EventDate "2023.07.25"]
[EventRounds "7"]
[EventCountry "ENG"]

1. e4 e6 2. d4 d5 3. e5 c5 4. c3 Nc6 5. Nf3 Bd7 6. Be2 cxd4 7. cxd4 Nge7 8. Nc3 Nf5
9. O-O Be7 10. Kh1 h5 11. Be3 g5 12. Bd3 g4 13. Bxf5 exf5 14. Ne1 Be6 15. Nd3 h4
16. Nf4 Qd7 17. Rc1 O-O-O 18. Qa4 Kb8 19. a3 Rdg8 20. b4 g3 21. fxg3 hxg3 22. h3
Bg5 23. Nb5 Bxf4 24. Rxf4 Rg4 25. Qb3 a6 26. Nd6 Rxf4 27. Bxf4 Nxd4 28. Qe3 Nb5 29.
Nxf5 Ka8 30. Nxg3 d4 31. Qd3  1/2-1/2

[Event "British Chess Championships 2023: U12 Championship"]
[Site "The Venue, De Montfort University, 20 Western Boulevard, Leicester, LE2 7BU"]
[Date "2023.07.28"]
[Round "5"]
[Board "13"]
[White "Rughani, Mahin"]
[Black "Gill, Veer"]
[Result "0-1"]
[WhiteElo "1687"]
[BlackElo "1443"]
[PlyCount "0"]
[EventDate "2023.07.25"]
[EventRounds "7"]
[EventCountry "ENG"]

1. d4 c5 2. c3 d5 3. Bf4 Nc6 4. e3 Nf6 5. Nf3 Bf5 6. Bd3 Bg6 7. Ne5 Bxd3 8. Qxd3
e6 9. Qb5 Qb6 10. Qb3 c4 11. Qc2 Nxe5 12. dxe5 Nd7 13. Nd2 Qc7 14. Nf3 Nc5 15. O-O
Be7 16. Bg3 O-O 17. Rfd1 b5 18. Nd4 a6 19. a3 Ne4 20. f4 Bc5 21. Qe2 Nxg3 22. hxg3
Bxd4 23. exd4 a5 24. Kf2 Qb6 25. Rh1 b4 26. Qh5 h6 27. Rab1 Rab8 28. Qg4 bxc3 29.
Rxh6 Qxd4+ 30. Kf3 Qd3+ 31. Kf2 Qxb1 32. Qh4 Rxb2+ 33. Kf3 gxh6  0-1

[Event "British Chess Championships 2023: U12 Championship"]
[Site "The Venue, De Montfort University, 20 Western Boulevard, Leicester, LE2 7BU"]
[Date "2023.07.28"]
[Round "5"]
[Board "14"]
[White "Pai, Sidhanth"]
[Black "Volovich, Andrew"]
[Result "1-0"]
[WhiteElo "1438"]
[BlackElo "1373"]
[PlyCount "0"]
[EventDate "2023.07.25"]
[EventRounds "7"]
[EventCountry "ENG"]

1. e4 e6 2. d4 d5 3. exd5 exd5 4. Bd3 Bd6 5. c3 b6 6. Nf3 Bb7 7. O-O Nf6 8. Re1+
Be7 9. Qe2 h6 10. Nbd2 a6 11. Nf1 Nc6 12. Ne5 Nxe5 13. Qxe5 Qd6 14. Qe2 Bc8 15. Ng3
Qe6 16. Qxe6 Bxe6 17. Bf5 Kd7 18. Bd2 g6 19. Bxe6+ fxe6 20. f3 Bd6 21. Re2 g5 22.
Rf1 Raf8 23. f4 gxf4 24. Bxf4 Ng4 25. Bxd6 Rxf1+ 26. Nxf1 Kxd6 27. h3 Nf6 28. Nd2
Re8 29. Nf3 Nd7 30. Ne5 Nxe5 31. Rxe5 Rf8 32. Rh5 Rf6 33. g4 Rg6 34. Kf2 Ke7 35.
Kf3 Rf6+ 36. Ke2 Rg6 37. Re5 Kf6 38. Kf3 Kf7 39. h4 Rf6+ 40. Kg2 Rg6 41. Kh3 Rf6
42. Re2 Kg6 43. Kg3 Kg7 44. g5 hxg5 45. hxg5 Rg6 46. Kf4 Kf7 47. Rh2 Rg7 48. Rh6
Ke7 49. Rh8 Rf7+ 50. Ke3 Kd6 51. Rd8+ Ke7 52. Rc8 Kd6 53. Rg8 Ke7 54. Rh8 Rg7 55.
Kf4 Rf7+ 56. Kg3 Rg7 57. Kh4 Rf7 58. g6 Rf1 59. Kg5 Rg1+ 60. Kh6 Rh1+ 61. Kg7 Rf1
62. Rh6 Rg1 63. Rh2 Rf1 64. Rh7 Ke8 65. a3 Rf2 66. Rh5 Rg2 67. Re5 Ke7 68. Rh5 Rg3
69. Rh4 Rg5 70. Kh7 Kf8 71. Rf4+ Ke7 72. g7 Rg1 73. g8=Q Rh1 74. Kg7 Rg1 75. Kh8
Rh1+ 76. Qh7+ Rxh7+ 77. Kxh7 Kd6 78. Kg6 c5 79. Rf6 Ke7 80. Kg7 a5 81. Rh6 cxd4 82.
cxd4 b5 83. b3 b4 84. a4 e5 85. dxe5 Ke8 86. Rd6 Ke7 87. Rxd5 Ke6 88. Rxa5 Kf5 89.
Kf7 Ke4 90. e6 Kd3 91. Rb5 Kc2 92. Rxb4 Kb2 93. e7 Ka2 94. e8=Q Ka3 95. Ke6 Ka2 96.
Kd5 Kb2 97. Rb7 Ka3 98. Qc6 Kb2 99. Kd4 Ka2 100. Kd3 Kb2 101. Qc5 Kb1 102. b4 Ka1
103. Kc3  1-0

[Event "British Chess Championships 2023: U12 Championship"]
[Site "The Venue, De Montfort University, 20 Western Boulevard, Leicester, LE2 7BU"]
[Date "2023.07.28"]
[Round "5"]
[Board "15"]
[White "Lee, Yuk Hei"]
[Black "Sisupalan, Beni"]
[Result "1-0"]
[WhiteElo "1390"]
[BlackElo "1476"]
[PlyCount "81"]
[EventDate "2023.07.25"]
[EventRounds "7"]
[EventCountry "ENG"]

1. e4 e5 2. Nf3 Nc6 3. Bc4 Bc5 4. c3 Nf6 5. d3 d6 6. h3 Be6 7. Bb3 h6 8. a4 O-O 9.
Bxe6 fxe6 10. b4 Nxb4 11. cxb4 Bxb4+ 12. Bd2 Bc5 13. O-O Qe8 14. Be3 b6 15. Nc3 a6
16. Qb3 Nh5 17. Ne2 Rf6 18. d4 exd4 19. Bxd4 Bxd4 20. Nfxd4 Kh8 21. Ng3 c5 22. Nde2
Nxg3 23. Nxg3 Qc6 24. Rab1 Rb8 25. Rfd1 b5 26. Qd3 e5 27. Nf5 c4 28. axb5 axb5 29.
Qc2 Rb6 30. Ne7 Qd7 31. Nd5 Rb7 32. Nxf6 gxf6 33. Qd2 Qg7 34. Qxd6 c3 35. Rdc1 b4
36. Rxb4 Qg5 37. Rxc3 Rg7 38. Rg3 Qc1+ 39. Kh2 Qf4 40. Qf8+ Rg8 41. Qxg8#  1-0

[Event "British Chess Championships 2023: U12 Championship"]
[Site "The Venue, De Montfort University, 20 Western Boulevard, Leicester, LE2 7BU"]
[Date "2023.07.28"]
[Round "5"]
[Board "16"]
[White "Beattie, Conor"]
[Black "Nilim, Armaan"]
[Result "1-0"]
[WhiteElo "1570"]
[BlackElo "1351"]
[PlyCount "53"]
[EventDate "2023.07.25"]
[EventRounds "7"]
[EventCountry "ENG"]

1. c4 c5 2. Nc3 Nc6 3. g3 g6 4. Bg2 Bg7 5. d3 e5 6. Qd2 Nge7 7. b3 O-O 8. Bb2 d6
9. h4 f5 10. h5 Be6 11. hxg6 hxg6 12. Nh3 Qd7 13. Ng5 Bf7 14. f4 Nd8 15. Nd5 Ne6
16. Nh7 Nxd5 17. Nxf8 Kxf8 18. Bxd5 Ke7 19. Rh7 Bf6 20. O-O-O Rb8 21. fxe5 dxe5 22.
Kb1 b5 23. Qe3 Qd6 24. Bxe6 Kxe6 25. cxb5 Rxb5 26. Qc1 Ke7 27. Rxf7+  1-0

[Event "British Chess Championships 2023: U12 Championship"]
[Site "The Venue, De Montfort University, 20 Western Boulevard, Leicester, LE2 7BU"]
[Date "2023.07.28"]
[Round "5"]
[Board "17"]
[White "Bates, Hubert"]
[Black "Sui, Yueyue"]
[Result "1-0"]
[WhiteElo "1368"]
[BlackElo "1512"]
[PlyCount "111"]
[EventDate "2023.07.25"]
[EventRounds "7"]
[EventCountry "ENG"]

1. e4 e6 2. d4 d5 3. e5 c5 4. c3 Qb6 5. Nf3 Bd7 6. Be2 Bb5 7. Bxb5+ Qxb5 8. Na3 Qb6
9. O-O cxd4 10. cxd4 Bxa3 11. bxa3 Ne7 12. Bg5 Nbc6 13. Rb1 Qc7 14. Qb3 Rb8 15. Rfc1
O-O 16. Bxe7 Qxe7 17. Rxc6 bxc6 18. Qxb8 Qxa3 19. Qb3 Qe7 20. h3 h6 21. Qb4 Qc7 22.
a4 Rc8 23. a5 c5 24. dxc5 Qxc5 25. Qxc5 Rxc5 26. Ra1 Kf8 27. Kf1 f6 28. Ke2 Rc4 29.
exf6 gxf6 30. Rb1 Rc7 31. a6 Ke7 32. Rb7 Kd6 33. Nd4 Rxb7 34. axb7 Kc7 35. Nxe6+
Kxb7 36. Kd3 a5 37. Nc5+ Kc6 38. Kd4 h5 39. g4 hxg4 40. hxg4 Kd6 41. Na4 Kc6 42.
Nc3 Kd6 43. Nxd5 Ke6 44. Nxf6 Kxf6 45. Kc4 Kg5 46. f3 Kf4 47. Kb5 Kxf3 48. g5 Ke4
49. g6 Kd3 50. g7 Kc3 51. g8=Q Kb2 52. Kxa5 Ka1 53. Qg2 Kb1 54. Kb4 Kc1 55. Kc3 Kb1
56. Qb2#  1-0

[Event "British Chess Championships 2023: U12 Championship"]
[Site "The Venue, De Montfort University, 20 Western Boulevard, Leicester, LE2 7BU"]
[Date "2023.07.28"]
[Round "5"]
[Board "18"]
[White "Chu, Edward"]
[Black "Patel, Diah"]
[Result "0-1"]
[WhiteElo "1550"]
[BlackElo "1211"]
[PlyCount "106"]
[EventDate "2023.07.25"]
[EventRounds "7"]
[EventCountry "ENG"]

1. d4 d5 2. c4 e6 3. Nc3 Nf6 4. Nf3 h6 5. Bf4 g6 6. e3 Bg7 7. cxd5 exd5 8. Bd3 O-O
9. O-O g5 10. Bg3 Be6 11. Qc2 Nbd7 12. Ne5 Nxe5 13. Bxe5 c6 14. Rac1 Rc8 15. a3 c5
16. Qb1 c4 17. Bc2 a6 18. b3 b5 19. bxc4 dxc4 20. Qa1 Ng4 21. Bxg7 Kxg7 22. h3 Nf6
23. Qb2 Qd6 24. Ne4 Nxe4 25. Bxe4 Kg8 26. Bb1 f5 27. Qc2 Qxa3 28. Rfd1 Bd5 29. Qe2
Be4 30. Bxe4 fxe4 31. Ra1 Qd6 32. Qg4 Qf6 33. Rf1 Rfe8 34. Ra2 b4 35. Rb2 a5 36.
Rc1 c3 37. Rb3 Qf7 38. Qd1 Qb7 39. Qh5 Qb6 40. Rbb1 Rf8 41. Ra1 Rf5 42. Qg4 Rff8
43. Qh5 b3 44. Rxa5 b2 45. Rxg5+ hxg5 46. Qxg5+ Kh7 47. Qh4+ Kg7 48. Qg4+ Qg6 49.
Qd7+ Rf7 50. Qxc8 bxc1=Q+ 51. Kh2 Rxf2 52. Qc7+ Kh6 53. Qg3 Qh1+  0-1

[Event "British Chess Championships 2023: U12 Championship"]
[Site "The Venue, De Montfort University, 20 Western Boulevard, Leicester, LE2 7BU"]
[Date "2023.07.28"]
[Round "5"]
[Board "19"]
[White "Calvert, George"]
[Black "Ranasinghe, Chaniru"]
[Result "1-0"]
[WhiteElo "1345"]
[BlackElo "1524"]
[PlyCount "73"]
[EventDate "2023.07.25"]
[EventRounds "7"]
[EventCountry "ENG"]

1. e4 c5 2. Nf3 d6 3. Nc3 Nf6 4. Bc4 e6 5. d4 cxd4 6. Nxd4 a6 7. O-O b5 8. Bd3 Bb7
9. a3 Be7 10. Be3 Nc6 11. f4 d5 12. e5 Nd7 13. Qg4 Bc5 14. Qxg7 Rf8 15. Nce2 Qe7
16. Kh1 Nxd4 17. Nxd4 O-O-O 18. c3 Rg8 19. Qh6 Bxd4 20. cxd4 Kb8 21. Bd2 Rg4 22.
Bb4 Qh4 23. Qxh4 Rxh4 24. Be7 f6 25. Bxd8 fxe5 26. Bxh4 exf4 27. Rxf4 Nb6 28. Rf8+
Kc7 29. Bd8+ Kc6 30. Rc1+ Kd6 31. Bxb6 Ke7 32. Bc5+ Kd7 33. Rcf1 Kc6 34. R1f6 Kc7
35. Rxe6 Kd7 36. Re7+ Kc6 37. Rf6#  1-0

[Event "British Chess Championships 2023: U12 Championship"]
[Site "The Venue, De Montfort University, 20 Western Boulevard, Leicester, LE2 7BU"]
[Date "2023.07.28"]
[Round "5"]
[Board "20"]
[White "Chandrashekhar, Druha"]
[Black "Konara, Seha"]
[Result "1/2-1/2"]
[WhiteElo "1516"]
[BlackElo "1218"]
[PlyCount "57"]
[EventDate "2023.07.25"]
[EventRounds "7"]
[EventCountry "ENG"]

1. e4 e5 2. Nf3 Nc6 3. d4 exd4 4. Bc4 Nf6 5. e5 d5 6. Bb5 Ne4 7. O-O Bd7 8. c4 a6
9. cxd5 axb5 10. dxc6 Bxc6 11. Nxd4 Bc5 12. Be3 Bxd4 13. Bxd4 Qg5 14. f3 Rd8 15.
fxe4 Bxe4 16. Qe2 Rxd4 17. Qf2 O-O 18. Nc3 Bc6 19. Rae1 Rf4 20. Qe2 Rxf1+ 21. Kxf1
Qe7 22. Qd3 Qg5 23. Re2 Qf4+ 24. Kg1 Qc1+ 25. Nd1 Qc5+ 26. Kh1 Qc4 27. Qxc4 bxc4
28. Re1 Re8 29. Nc3  1/2-1/2

[Event "British Chess Championships 2023: U12 Championship"]
[Site "The Venue, De Montfort University, 20 Western Boulevard, Leicester, LE2 7BU"]
[Date "2023.07.28"]
[Round "5"]
[Board "21"]
[White "Brown, John"]
[Black "Singh, Avyanna"]
[Result "0-1"]
[WhiteElo "1486"]
[BlackElo "1246"]
[PlyCount "112"]
[EventDate "2023.07.25"]
[EventRounds "7"]
[EventCountry "ENG"]

1. e4 e5 2. Nf3 Nc6 3. Bc4 Bc5 4. c3 Nf6 5. d3 d6 6. h3 a6 7. a4 h6 8. O-O O-O 9.
Re1 Bd7 10. d4 Ba7 11. d5 Ne7 12. Nh2 Ng6 13. Be3 Qe7 14. Na3 Rfc8 15. Qb3 Bxe3 16.
Rxe3 Rcb8 17. Rd1 Qe8 18. a5 Ba4 19. Qa2 Bxd1 20. b3 Nf4 21. f3 c6 22. dxc6 bxc6
23. Re1 d5 24. Rxd1 dxc4 25. Nxc4 Rd8 26. Rf1 Qe7 27. h4 h5 28. g3 Ng6 29. Qe2 Qc5+
30. Kh1 Qb5 31. Rb1 Nd7 32. Qf2 Nc5 33. Nb6 Rab8 34. b4 Nd3 35. Qf1 c5 36. c4 Qc6
37. b5 axb5 38. cxb5 Qc7 39. Nd5 Qxa5 40. Qxd3 Kh8 41. g4 Nf4 42. Qc4 Ne6 43. Ne7
Rd4 44. Qf1 Nd8 45. gxh5 c4 46. Qg1 Rd7 47. Nf5 Ne6 48. b6 c3 49. h6 g6 50. Ng4 c2
51. Rc1 Qd2 52. Nf6 Qxc1 53. Nxd7 Qxg1+ 54. Kxg1 c1=Q+ 55. Kg2 gxf5 56. Nxb8 Nf4+
 0-1

[Event "British Chess Championships 2023: U12 Championship"]
[Site "The Venue, De Montfort University, 20 Western Boulevard, Leicester, LE2 7BU"]
[Date "2023.07.28"]
[Round "5"]
[Board "22"]
[White "Puthanveettil, Joshua"]
[Black "Merchant, Samuel"]
[Result "1-0"]
[WhiteElo "1419"]
[BlackElo "1291"]
[PlyCount "107"]
[EventDate "2023.07.25"]
[EventRounds "7"]
[EventCountry "ENG"]

1. c4 c6 2. Nf3 d5 3. e3 Nf6 4. d4 a6 5. Nc3 Bf5 6. Qb3 Ra7 7. cxd5 cxd5 8. g3 e6
9. Bg2 Bd6 10. O-O O-O 11. Bd2 Bd3 12. Rfd1 Bc4 13. Qc2 Qc7 14. Rac1 Rc8 15. b3 Be2
16. Re1 Bxf3 17. Bxf3 b5 18. Qb2 Qd7 19. e4 dxe4 20. Nxe4 Nxe4 21. Bxe4 Rac7 22.
Ba5 Rxc1 23. Rxc1 Nc6 24. Qc3 Na7 25. Qb2 Rxc1+ 26. Qxc1 Qc8 27. Qxc8+ Nxc8 28. Bb7
Ne7 29. Bxa6 b4 30. Bb7 Nf5 31. Bb6 h5 32. Kf1 Kf8 33. Ke2 Ke8 34. Bc6+ Ke7 35. Kd3
f6 36. Kc4 g5 37. Bc5 g4 38. Kxb4 Nxd4 39. Bxd6+ Kxd6 40. Be8 Ke7 41. Bxh5 f5 42.
a4 Nc6+ 43. Kb5 Nd4+ 44. Kc4 Nc6 45. b4 Kd7 46. Kc5 Na7 47. Kb6 Nc8+ 48. Ka6 Nd6
49. b5 Kc7 50. a5 Kd7 51. b6 Kc8 52. Ka7 Nb5+ 53. Ka8 Nd6 54. a6  1-0

[Event "British Chess Championships 2023: U12 Championship"]
[Site "The Venue, De Montfort University, 20 Western Boulevard, Leicester, LE2 7BU"]
[Date "2023.07.28"]
[Round "5"]
[Board "23"]
[White "Gomez, Hal"]
[Black "Fang, Brandon Jun Qiao"]
[Result "0-1"]
[WhiteElo "1305"]
[BlackElo "1404"]
[PlyCount "90"]
[EventDate "2023.07.25"]
[EventRounds "7"]
[EventCountry "ENG"]

1. c4 Nf6 2. d4 g6 3. Nc3 Bg7 4. e4 d6 5. Nf3 O-O 6. Be2 Nc6 7. d5 Ne5 8. Bf4 Nxf3+
9. Bxf3 Re8 10. Qd2 a5 11. h3 e6 12. O-O exd5 13. exd5 Bf5 14. Rfe1 Qd7 15. Kh2 Rxe1
16. Rxe1 Re8 17. Rxe8+ Qxe8 18. Qe2 Qxe2 19. Bxe2 Ne4 20. g4 Nxc3 21. bxc3 Bb1 22.
a3 Bxc3 23. Bc1 c6 24. dxc6 bxc6 25. Kg3 d5 26. cxd5 cxd5 27. Kf4 d4 28. Bf1 d3 29.
Ke3 Be1 30. Bd2 Bxd2+ 31. Kxd2 f5 32. Bxd3 Bxd3 33. Kxd3 fxg4 34. hxg4 Kf7 35. g5
a4 36. Kc4 Ke6 37. Kb4 Kf5 38. Kxa4 Kxg5 39. Kb5 h5 40. a4 h4 41. a5 h3 42. a6 h2
43. a7 h1=Q 44. Kb6 Qa8 45. Ka6 Qc6+  0-1

[Event "British Chess Championships 2023: U12 Championship"]
[Site "The Venue, De Montfort University, 20 Western Boulevard, Leicester, LE2 7BU"]
[Date "2023.07.28"]
[Round "5"]
[Board "24"]
[White "Blin, Henri"]
[Black "Van Neerven, Yvon"]
[Result "1-0"]
[WhiteElo "1211"]
[BlackElo "1228"]
[PlyCount "183"]
[EventDate "2023.07.25"]
[EventRounds "7"]
[EventCountry "ENG"]

1. e4 c6 2. d4 d5 3. Nc3 e6 4. exd5 exd5 5. Nf3 Nf6 6. Bd3 c5 7. dxc5 Bxc5 8. O-O
Be6 9. Bg5 O-O 10. Bb5 a6 11. Ba4 b5 12. Bb3 d4 13. Ne4 Be7 14. Nxf6+ Bxf6 15. Bxf6
Qxf6 16. Bxe6 fxe6 17. Qxd4 Qg6 18. Qd3 Qf6 19. c3 Rd8 20. Qe4 Nd7 21. Rfe1 Nf8 22.
Nd4 Re8 23. Re3 e5 24. Nf3 Ng6 25. Rae1 Rac8 26. Qd5+ Kf8 27. Nxe5 Rxe5 28. Rxe5
Nxe5 29. Qxe5 Rd8 30. Qxf6+ gxf6 31. g3 Kf7 32. Re4 Rd2 33. Rb4 Rc2 34. Kg2 h5 35.
Kf3 Kg6 36. a4 bxa4 37. Rxa4 Rxb2 38. Rxa6 Rc2 39. Rc6 Kf7 40. h4 Ke7 41. Rc5 Kf7
42. Rxh5 Rxc3+ 43. Kg2 Rc4 44. Ra5 Kg6 45. f4 f5 46. Ra6+ Kh5 47. Rf6 Kg4 48. Rg6+
Kh5 49. Rg5+ Kh6 50. Rxf5 Rc2+ 51. Kf3 Rc3+ 52. Kg4 Rc6 53. Re5 Rg6+ 54. Kh3 Rf6
55. Re3 Kg6 56. Rf3 Kg7 57. g4 Kf8 58. g5 Rd6 59. Kg4 Kg7 60. h5 Re6 61. h6+ Kh7
62. Kh5 Rc6 63. g6+ Rxg6 64. Kh4 Rxh6+ 65. Kg5 Rg6+ 66. Kf5 Kg7 67. Ra3 Rf6+ 68.
Ke5 Kg6 69. Rg3+ Kf7 70. Rg5 Re6+ 71. Kd5 Rf6 72. f5 Ke7 73. Ke5 Rf7 74. Rg6 Kf8
75. Rf6 Ke8 76. Ke6 Re7+ 77. Kd6 Rd7+ 78. Ke5 Re7+ 79. Re6 Kf8 80. Kd6 Rf7 81. f6
Ra7 82. Ke5 Rf7 83. Rd6 Kg8 84. Kd5 Kh7 85. Ke5 Kg6 86. Re6 Rf8 87. Rb6 Kf7 88. Kf5
Kg8 89. Kg6 Rf7 90. Rb8+ Rf8 91. f7+ Kh8 92. Rxf8#  1-0

[Event "British Chess Championships 2023: U12 Championship"]
[Site "The Venue, De Montfort University, 20 Western Boulevard, Leicester, LE2 7BU"]
[Date "2023.07.28"]
[Round "5"]
[Board "25"]
[White "Wang, Yuan Ya"]
[Black "Gupta, Aditya"]
[Result "0-1"]
[WhiteElo "1130"]
[BlackElo "1393"]
[PlyCount "98"]
[EventDate "2023.07.25"]
[EventRounds "7"]
[EventCountry "ENG"]

1. e4 c6 2. d4 d5 3. exd5 cxd5 4. c4 Nf6 5. Nc3 Nc6 6. Nf3 Bg4 7. Be2 g6 8. cxd5
Nxd5 9. O-O Bg7 10. Be3 O-O 11. Rc1 Qd7 12. Qb3 Nxc3 13. Qxc3 Rac8 14. Qd2 Bxf3 15.
Bxf3 Rfd8 16. Bxc6 Rxc6 17. Rxc6 bxc6 18. Rd1 e5 19. dxe5 Qxd2 20. Rxd2 Rxd2 21.
Bxd2 Bxe5 22. b3 Kf8 23. f4 Bd4+ 24. Kf1 Ke7 25. Ke2 Ke6 26. Be3 Kd5 27. Bd2 Ke4
28. g4 Bg1 29. h3 Bh2 30. Be3 a6 31. Kf2 Bxf4 32. Bxf4 Kxf4 33. b4 Ke4 34. Ke2 Kd4
35. Kf3 Kc4 36. a3 Kb3 37. Kf4 Kxa3 38. h4 Kxb4 39. Kg5 a5 40. h5 gxh5 41. gxh5 a4
42. Kh6 a3 43. Kxh7 a2 44. h6 a1=Q 45. Kg8 Qg1+ 46. Kxf7 Qh2 47. Kg7 c5 48. h7 Qxh7+
49. Kxh7 c4  0-1

[Event "British Chess Championships 2023: U12 Championship"]
[Site "The Venue, De Montfort University, 20 Western Boulevard, Leicester, LE2 7BU"]
[Date "2023.07.28"]
[Round "5"]
[Board "26"]
[White "Paintin, Zac"]
[Black "Shah, Samuel"]
[Result "0-1"]
[WhiteElo "1458"]
[BlackElo "1074"]
[PlyCount "68"]
[EventDate "2023.07.25"]
[EventRounds "7"]
[EventCountry "ENG"]

1. d4 d5 2. Bf4 Nf6 3. e3 e6 4. Nc3 Be7 5. Nf3 O-O 6. Bd3 Nbd7 7. O-O c5 8. dxc5
Nxc5 9. Re1 Nxd3 10. cxd3 b6 11. e4 dxe4 12. dxe4 Bb7 13. h3 Qxd1 14. Raxd1 Rfd8
15. Bg5 h6 16. Bxf6 Bxf6 17. e5 Rxd1 18. Rxd1 Bxf3 19. exf6 Bxd1 20. Nxd1 gxf6 21.
Ne3 Rc8 22. Ng4 Kg7 23. Kh2 Rc2 24. Ne3 Rxb2 25. f4 Rxa2 26. f5 Re2 27. Nc4 exf5
28. h4 f4 29. Kg1 Re5 30. Nd2 a5 31. Nc4 Rb5 32. Kf2 a4 33. Kf3 Kg6 34. Kxf4 Rb4
 0-1

[Event "British Chess Championships 2023: U12 Championship"]
[Site "The Venue, De Montfort University, 20 Western Boulevard, Leicester, LE2 7BU"]
[Date "2023.07.28"]
[Round "5"]
[Board "27"]
[White "Tomy, Judith"]
[Black "Bedford, Henry"]
[Result "1-0"]
[WhiteElo "1291"]
[BlackElo "1025"]
[PlyCount "43"]
[EventDate "2023.07.25"]
[EventRounds "7"]
[EventCountry "ENG"]

1. e4 c5 2. Nf3 Nc6 3. c3 Nf6 4. e5 Nd5 5. d4 e6 6. Ng5 h6 7. Qh5 g6 8. Qh3 cxd4
9. cxd4 Nxd4 10. Bd3 Nf4 11. Qg3 Nxd3+ 12. Qxd3 Nf5 13. Ne4 Qa5+ 14. Bd2 Qxe5 15.
Bc3 Bb4 16. Bxb4 Qxb2 17. Bc3 Qb6 18. Bxh8 d5 19. Nf6+ Ke7 20. Qa3+ Nd6 21. O-O e5
22. Nxd5+  1-0

[Event "British Chess Championships 2023: U12 Championship"]
[Site "The Venue, De Montfort University, 20 Western Boulevard, Leicester, LE2 7BU"]
[Date "2023.07.28"]
[Round "5"]
[Board "28"]
[White "Ding, Yihua"]
[Black "Tagg, George"]
[Result "1-0"]
[WhiteElo "977"]
[BlackElo "1253"]
[PlyCount "99"]
[EventDate "2023.07.25"]
[EventRounds "7"]
[EventCountry "ENG"]

1. d4 d5 2. c4 e6 3. Nc3 Nf6 4. Bf4 Be7 5. e3 O-O 6. Nf3 Nbd7 7. Bd3 b6 8. O-O Bb7
9. Qc2 c5 10. b3 dxc4 11. bxc4 Bxf3 12. gxf3 Nb8 13. Be4 Nxe4 14. Qxe4 Na6 15. Rfd1
Bf6 16. Be5 Bxe5 17. dxe5 Qg5+ 18. Kf1 f5 19. Qc2 Qh5 20. f4 Qxh2 21. Ke2 Rad8 22.
Rh1 Qg2 23. Rag1 Qc6 24. e4 g6 25. exf5 exf5 26. Rh5 Nb4 27. Qb1 Rd3 28. Nb5 Qf3+
29. Ke1 Qxh5 30. a3 Na2 31. Qxd3 Qh2 32. Qg3 Qxg3 33. fxg3 a6 34. Nd6 Rd8 35. Kd2
b5 36. cxb5 axb5 37. Ra1 g5 38. Rxa2 gxf4 39. gxf4 h5 40. Ke3 c4 41. Nxb5 Rd3+ 42.
Ke2 h4 43. Ke1 c3 44. Rc2 Re3+ 45. Kf2 Rh3 46. Rxc3 Rh2+ 47. Kg1 Rb2 48. Nd4 Rb1+
49. Kf2 Rb2+ 50. Ne2  1-0

[Event "British Chess Championships 2023: U12 Championship"]
[Site "The Venue, De Montfort University, 20 Western Boulevard, Leicester, LE2 7BU"]
[Date "2023.07.28"]
[Round "5"]
[Board "29"]
[White "Eccleston, Rowan"]
[Black "Ding, Yicheng"]
[Result "1/2-1/2"]
[WhiteElo "1028"]
[BlackElo "944"]
[PlyCount "99"]
[EventDate "2023.07.25"]
[EventRounds "7"]
[EventCountry "ENG"]

1. f4 d5 2. Nf3 g6 3. e3 Bg7 4. Nc3 Nf6 5. d4 e6 6. Bb5+ c6 7. Bd3 c5 8. dxc5 O-O
9. Bd2 a6 10. Rb1 Qc7 11. b4 Ng4 12. Qe2 Bd7 13. O-O e5 14. Nxd5 Qd8 15. h3 e4 16.
Bxe4 Re8 17. Bd3 Nf6 18. Nxf6+ Qxf6 19. Ne5 Bc6 20. Nxc6 Nxc6 21. Qf3 Rad8 22. Rfd1
h5 23. Be4 Qe6 24. Bxc6 bxc6 25. Rb3 Rd5 26. Bc1 Red8 27. Rxd5 Rxd5 28. Bb2 Rd2 29.
Bxg7 Kxg7 30. Qf1 Rxc2 31. Qb1 Qe4 32. Qf1 Rxa2 33. Rd3 Rb2 34. Kh1 Kh6 35. Rd6 Rb1
36. Rd1 Rxb4 37. Re1 Rb2 38. Re2 Rxe2 39. Qxe2 Qb1+ 40. Kh2 a5 41. Qa6 Qb4 42. Qxc6
a4 43. Qc8 Qb2 44. Qf8+ Qg7 45. Qxg7+ Kxg7 46. c6 a3 47. c7 a2 48. c8=Q a1=Q 49.
Qe8 Qf6 50. Qe5  1/2-1/2